000 004450000a22001690004500
041 0 _aENG
082 0 4 _aG 252 T694r
100 1 _aTorrey, Reuben A. (Archer) (1856-1928)
245 1 0 _aRevival addresses / R. A. Torrey
260 _aChicago, ILL., USA : Fleming H. Revell
300 _a271 Pag
001 6208
942 _cBK
999 _c36491
_d36491
336 _atexto
_btxt
_2rdacontent
337 _2rdamedia
_asin mediación
_bn
338 _2rdacarrier
_avolumen
_bnc